00417nam a2200157Ia 4500003000400000008004100004040001600045082002100061100001800082245005900100260003900159650001500198650001300213650001000226650002300236GCL140319s9999 xx 000 0 eng d aGCL / cGCL04aCHb823.087bP P1 aPERHAM, MOLLY10aTHE TOWN MOUSE AND THE COUNTRY MOUSE / cPERHAM, MOLLY a[S.N] : bLODYBIRD BOOKS ، c199304aLITERATURE04aCHILDREN04aTALES04aCHILDREN - STORIES